000 00432nam a22001577a 4500
005 20251108172310.0
008 250721s1989 xx 000 0 ara d
082 1 4 _a793.74/بدي
100 1 _aالزين، بديع
245 1 0 _aتسلية :
_bألغاز و حلول /
264 1 _aبيروت :
_bدار الفكر العربي،
_c1989.
300 _a158ص
650 1 7 _aالألغاز
942 _2ddc
_cBK
999 _c75504
_d75504